| 000 | 00760nam a2200205 a 4500 | ||
|---|---|---|---|
| 003 | 0 | ||
| 005 | 20250410142553.0 | ||
| 008 | 970101s19uu xx 00 eng d | ||
| 050 |
_aPGS HV 5740 _b.R175 2004 |
||
| 100 | _aRamos, Krischan Hope C. | ||
| 245 |
_aPerceptions of the grade 6 students of SISC on the bad effects of smoking / _cKrischan Hope C. Ramos. |
||
| 260 |
_aLas PiƱas City, Philippines : _bSouthville International School and Colleges, _c2004. |
||
| 300 |
_a24 pages : _billustrations ; _c28 cm. |
||
| 504 | _aIncludes bibliographical references. | ||
| 650 |
_aSmoking _vHealth aspects. |
||
| 650 |
_aSmoking _vPrevention. |
||
| 650 |
_aChildren _vTobacco use _vPrevention. |
||
| 650 |
_aSmoking _vPsychological aspects. |
||
| 942 |
_2lcc _cPASS |
||
| 999 |
_c97044 _d97044 |
||